=LDR 00000nam 2200000 4500 =001 INLIS000000000029350 =005 20130612131606 =008 ***********************************Ind** =035 ##$$0010-061300000029350 =041 ##$$a Ind =082 ##$$a 341.73 =090 ##$$a 341.73, Mil n =100 ##$$a Mills, Harry A =245 ##$$a Negosiasi seni untuk menang, Harry A. Mills =260 ##$$a 1993 $b Jakarta =300 ##$$a viii, 209 hlm, 22 cm =650 ##$$a Negosiasi =850 ##$$a NBPNMAT